
Library Catalogue

| 000 -LEADER | |
|---|---|
| fixed length control field | 00946nam a2200217Ia 4500 |
| 003 - CONTROL NUMBER IDENTIFIER | |
| control field | OSt |
| 005 - DATE AND TIME OF LATEST TRANSACTION | |
| control field | 20210415111428.0 |
| 008 - FIXED-LENGTH DATA ELEMENTS--GENERAL INFORMATION | |
| fixed length control field | 160316s2000 xxu||||| |||| 00| 0 eng d |
| 020 ## - INTERNATIONAL STANDARD BOOK NUMBER | |
| International Standard Book Number | 9780871088666 |
| 040 ## - CATALOGING SOURCE | |
| Transcribing agency | n |
| 082 ## - DEWEY DECIMAL CLASSIFICATION NUMBER | |
| Classification number | 344.046000 |
| Item number | GRA-2 |
| 100 ## - MAIN ENTRY--PERSONAL NAME | |
| Personal name | Graham Kevin |
| 245 ## - TITLE STATEMENT | |
| Title | Environmental heroes : Success stories of people at work for the earth |
| 260 ## - PUBLICATION, DISTRIBUTION, ETC. | |
| Place of publication, distribution, etc. | New Delhi |
| Name of publisher, distributor, etc. | Macmillan India Ltd. |
| Date of publication, distribution, etc. | 2000 |
| 300 ## - PHYSICAL DESCRIPTION | |
| Extent | 244p |
| Dimensions | ix |
| 365 ## - TRADE PRICE | |
| Price amount | Gratis |
| 505 ## - FORMATTED CONTENTS NOTE | |
| Formatted contents note | Summary:<br/>A book showcasing the successes of ordinary people whose simple, practical efforts have minimized the impact of modern life on the environment. Focusing on environmental opportunities and new solutions to old problems, Environmental Heroes demonstrates that anyone can make a positive difference for the fate of our planet. |
| 650 ## - SUBJECT ADDED ENTRY--TOPICAL TERM | |
| Topical term or geographic name entry element | 1. Environmental Protection - Handbook2. Environmentalism - Handbook |
| 700 ## - ADDED ENTRY--PERSONAL NAME | |
| Personal name | Chandler Gary |
| -- | |
| 942 ## - ADDED ENTRY ELEMENTS (KOHA) | |
| Source of classification or shelving scheme | Dewey Decimal Classification |
| Koha item type | BOOKs |
| Withdrawn status | Lost status | Damaged status | Not for loan | Home library | Current library | Shelving location | Date acquired | Total Checkouts | Full call number | Barcode | Date last seen | Price effective from | Koha item type |
|---|---|---|---|---|---|---|---|---|---|---|---|---|---|
| NLS | NLS | Library Compactors | 30/05/2017 | 344.046 GRA-2 | 31783 | 30/05/2017 | 30/05/2017 | BOOKs |